| 000 | 01115nam a2200349 c 4500 | ||
|---|---|---|---|
| 001 | 16439 | ||
| 003 | ES-MaCES | ||
| 005 | 20250121040009.0 | ||
| 008 | 040416s2003 sp ||| | spa d | ||
| 017 |
_aM 54335-2003 _bDL |
||
| 024 | 7 |
_a207-03-074-X _2nipo |
|
| 035 | _aCES20040006253m | ||
| 040 |
_aES-MaCES _bspa _cES-MaCES |
||
| 245 | 0 | 0 |
_aTiempos, trabajos y flexibilidad _b: una cuestión de género _cCristina Carrasco .... et al. |
| 260 |
_aMadrid _bInstituto de la Mujer _c2003 |
||
| 300 |
_a323 p. _c24 cm |
||
| 490 | 1 |
_aEstudios _v78 |
|
| 541 | _cGratuito | ||
| 650 | 4 |
_amujeres _928657 |
|
| 650 | 4 |
_atrabajadora _928413 |
|
| 650 | 4 |
_aflexibilidad del trabajo _930174 |
|
| 650 | 4 |
_ahoras de trabajo _928335 |
|
| 650 | 4 |
_agestión de tiempo _930359 |
|
| 650 | 4 |
_aresponsabilidades familiares _930598 |
|
| 653 | 1 | 0 | _aMujer |
| 710 | 2 |
_aInstituto de la Mujer (España) _eed. _94190 |
|
| 700 | 1 |
_99060 _aCarrasco, Cristina |
|
| 830 | 0 |
_aEstudios (Instituto de la Mujer (España)) _v78 _932074 |
|
| 902 | _aLIB Libro | ||
| 942 |
_2CES _cBK _h3.3. |
||
| 999 |
_c16439 _d16439 |
||